[Event "Challenge"]
[Site "http://www.queenalice.com/game.php?id=743716"]
[Date "2010.3.9"]
[Round "-"]
[White "Jeferson007"]
[Black "basti822"]
[Result "1-0"]
[WhiteElo "1565"]
[BlackElo "1682"]

1. e3 g6 2. d4 Bg7 3. Bc4 d5 4. Bb5+ c6 5. Ba4 Qa5+ 6. Nc3 b5 7. Bb3 b4 8. Na4
Bd7 9. Nc5 Qb5 10. Qf3 Nh6 11. Bxd5 Bg4 12. Bxc6+ Qxc6 13. Qxc6+ Nxc6 14. f3 Bd7
15. Ne2 Rd8 16. O-O Na5 17. Bd2 Nc4 18. Bxb4 Nxb2 19. Ba5 Rb8 20. Rab1 Bc6 21.
Na6 Rb5 22. Nc7+ Kd7 23. Nxb5 Bxb5 24. Rxb2 Bxe2 25. Rb7+ Kd6 26. Rfb1 Rc8 27.
Bb4+ Kd5 28. Rxa7 e6 29. Be7 Nf5 30. c4+ Kxc4 31. Rc1+ Kd3 32. Rxc8 Kxe3 33.
Bg5+ Kxd4 34. Rd8+ Kc5 35. Ra5+ Bb5 36. Rc8+ Kb4 37. Bd2+ 1-0

[Event "Challenge"]
[Site "http://www.queenalice.com/game.php?id=743717"]
[Date "2010.3.9"]
[Round "-"]
[White "basti822"]
[Black "Jeferson007"]
[Result "1-0"]
[WhiteElo "1717"]
[BlackElo "1594"]

1. e4 d6 2. Bc4 e6 3. d4 Bd7 4. Qf3 Be7 5. e5 d5 6. Bb3 Nc6 7. Ne2 f6 8. Qg3 g5
9. h4 h5 10. hxg5 f5 11. g6 Na5 12. g7 h4 13. Qg6# 1-0

[Event "Let's Play Chess!"]
[Site "http://www.queenalice.com/game.php?id=744196"]
[Date "2010.3.10"]
[Round "-"]
[White "colatina"]
[Black "Jeferson007"]
[Result "0-1"]
[WhiteElo "1502"]
[BlackElo "1546"]

1. e4 e5 2. Nf3 d5 3. Nc3 Nf6 4. d4 Be6 5. Bg5 h6 6. Bxf6 Qxf6 7. dxe5 Qf4 8.
exd5 Bf5 9. g3 Qb4 10. Bd3 Bxd3 11. cxd3 Qxb2 12. Ne4 Bb4+ 13. Kf1 Ba5 14. d6
O-O 15. g4 cxd6 16. g5 Bb6 17. gxh6 gxh6 18. Nf6+ Kg7 19. Rg1+ Kh8 20. Ne4 f5
21. Nfd2 fxe4 22. Rg2 Qd4 23. f3 Qxd3+ 24. Re2 Rxf3+ 25. Nxf3 Qxf3+ 26. Rf2
Qxf2# 0-1

[Event "Let's Play Chess!"]
[Site "http://www.queenalice.com/game.php?id=744197"]
[Date "2010.3.10"]
[Round "-"]
[White "colatina"]
[Black "Jeferson007"]
[Result "1-0"]
[WhiteElo "1574"]
[BlackElo "1531"]

1. e4 Nc6 2. Nf3 d5 3. exd5 Qxd5 4. d4 Bf5 5. c3 e6 6. a4 Na5 7. Na3 Bxa3 8.
bxa3 Nb3 9. Nh4 Nxa1 10. Nxf5 Qe4+ 11. Ne3 Nc2+ 12. Qxc2 Qf4 13. Nd5 Qd6 14. Nf4
Nf6 15. Qe2 O-O 16. Nh5 Nxh5 17. Qxh5 g6 18. Qh4 a5 19. Bd3 b6 20. O-O Qd5 21.
Be4 Qc4 22. Bxa8 Rxa8 23. Bf4 Qxc3 24. Be5 Kf8 25. Qxh7 Ke7 26. Qh4+ Kd7 27. Qf6
Kc8 28. d5 Qxa3 29. Qxf7 Kb7 30. d6 Ka6 31. Qxc7 Qxa4 32. d7 g5 33. Qc8+ Rxc8
34. dxc8=Q+ Ka7 35. Qc7+ Ka6 36. Rc1 Qe4 37. Qc4+ Qxc4 38. Rxc4 b5 39. Rc6+ Kb7
40. Rxe6 b4 41. Bd4 b3 42. Rb6+ Kc7 43. Rxb3 Kc6 44. Bf6 Kd5 45. h4 Kc4 46. Re3
g4 47. h5 Kb4 48. h6 a4 49. h7 a3 50. h8=Q a2 51. Qb8+ Kc4 52. Qb3+ Kc5 53. Be7+
Kc6 54. Re6+ Kc7 55. Qb6+ Kd7 56. Qc6# 1-0

[Event "Let's Play Chess!"]
[Site "http://www.queenalice.com/game.php?id=744198"]
[Date "2010.3.10"]
[Round "-"]
[White "colatina"]
[Black "Jeferson007"]
[Result "1-0"]
[WhiteElo "1482"]
[BlackElo "1597"]

1. e4 d6 2. Nf3 e6 3. d4 Bd7 4. e5 d5 5. Bg5 Be7 6. Bxe7 Qxe7 7. Nc3 Nh6 8. Qd2
Nf5 9. Nb5 Bxb5 10. Bxb5+ c6 11. Bd3 Nh4 12. Nxh4 Qxh4 13. Qe3 Nd7 14. O-O-O O-O
15. g3 Qh3 16. Bf1 Qg4 17. Bg2 f5 18. h3 Qg6 19. h4 Qh5 20. Qg5 Qf7 21. h5 h6
22. Qf4 Nb6 23. b3 Qe7 24. g4 Qa3+ 25. Kd2 Qxa2 26. Ra1 Qb2 27. Rhb1 Qxb1 28.
Rxb1 a5 29. gxf5 Rxf5 30. Qe3 a4 31. Bh3 axb3 32. Qxb3 Nc4+ 33. Ke2 Rxh5 34.
Bxe6+ Kh7 35. Qd3+ Kh8 36. Rxb7 Re8 37. Qg6 Rg5 38. Qxe8+ Kh7 39. Qg8+ Kg6 40.
Rxg7+ Kh5 41. Rxg5+ hxg5 42. Qh7# 1-0

[Event "Challenge"]
[Site "http://www.queenalice.com/game.php?id=744310"]
[Date "2010.3.10"]
[Round "-"]
[White "Jeferson007"]
[Black "colatina"]
[Result "0-1"]
[WhiteElo "1593"]
[BlackElo "1540"]

1. c4 Nf6 2. Nc3 d5 3. c5 e5 4. d4 e4 5. e3 Bg4 6. Be2 Bxe2 7. Ngxe2 Be7 8. Nb5
O-O 9. O-O c6 10. Nbc3 Ng4 11. Nf4 f5 12. Ne6 Qe8 13. Nxf8 Bh4 14. g3 Bg5 15. h4
Qh5 16. Ne6 Bxh4 17. Nf4 Qg5 18. Ne6 Qg6 19. Nf4 Qh6 20. Kg2 Be7 21. Rh1 Qg5 22.
f3 exf3+ 23. Qxf3 Nd7 24. Rh5 Qf6 25. e4 dxe4 26. Qf1 e3 27. Bxe3 Nxe3+ 28. Kf2
Nxf1 29. Rxf1 Qxd4+ 30. Kg2 Qd2+ 31. Kh3 Nxc5 32. Rd1 Qf2 33. Rxf5 Rf8 34. Re5
Rxf4 35. Rxe7 Ne6 36. Rxe6 Rf8 37. Re7 Qf5+ 38. g4 Qf3+ 39. Kh4 Qf6+ 40. Kh3
Qxe7 41. a3 Qe3+ 42. Kh4 g5+ 43. Kh5 Qe8+ 44. Kxg5 Qg6+ 45. Kh4 Qf6+ 46. g5 Qf2+
47. Kg4 Rf4+ 48. Kh3 Qf3+ 49. Kh2 Rh4+ 50. Kg1 Rh1# 0-1

[Event "Challenge"]
[Site "http://www.queenalice.com/game.php?id=744311"]
[Date "2010.3.10"]
[Round "-"]
[White "Jeferson007"]
[Black "colatina"]
[Result "0-1"]
[WhiteElo "1569"]
[BlackElo "1484"]

1. e4 c5 2. d4 cxd4 3. Qxd4 Nc6 4. Qd2 e6 5. Nf3 Bb4 6. c3 Be7 7. b4 Nf6 8. Bd3
O-O 9. O-O d5 10. exd5 exd5 11. Qg5 Ne4 12. Qe3 f5 13. a4 Bf6 14. b5 d4 15. cxd4
Nxd4 16. Bb2 Nxf3+ 17. Qxf3 Bxb2 18. Ra2 Ng5 19. Bc4+ Kh8 20. Qh5 Bf6 21. Re2 g6
22. Qh6 Ne4 23. f3 Ng5 24. Rfe1 Bg7 25. Qh4 Nxf3+ 26. gxf3 Qxh4 27. Re8 Bd7 28.
R8e7 Rae8 29. Rxe8 Rxe8 30. Rd1 Re1+ 31. Rxe1 Qxe1+ 32. Kg2 Bd4 33. Na3 Qf2+ 34.
Kh3 Qxf3+ 35. Kh4 Qg4# 0-1

[Event "Challenge"]
[Site "http://www.queenalice.com/game.php?id=744312"]
[Date "2010.3.10"]
[Round "-"]
[White "Jeferson007"]
[Black "colatina"]
[Result "0-1"]
[WhiteElo "1569"]
[BlackElo "1558"]

1. e3 f5 2. d3 e5 3. Be2 Nf6 4. Bd2 Nc6 5. Nc3 d5 6. Nf3 d4 7. exd4 Nxd4 8. Nxe5
Nxe2 9. Qxe2 Qe7 10. Bf4 Be6 11. d4 Nd5 12. O-O Nxc3 13. bxc3 g5 14. Bc1 Bg7 15.
Nf3 h6 16. a4 Qf7 17. Rb1 O-O 18. Rxb7 Bc4 19. Qe1 Bxf1 20. Kxf1 Rfe8 21. Qd2
Qc4+ 22. Kg1 Re2 23. Qd1 Rae8 24. h3 Qxc3 25. Kh2 Rxf2 26. Bb2 Qxc2 27. Qc1
Rxg2+ 28. Kh1 Qxc1+ 29. Bxc1 Rf2 30. Bd2 Rxf3 31. Kg2 g4 32. hxg4 fxg4 33. Bc3
Re2+ 34. Kg1 Rff2 35. Be1 Rg2+ 36. Kf1 Bxd4 37. Rxc7 Bf2 38. Kxe2 Bb6+ 39. Kf1
Rg1+ 40. Ke2 Bxc7 41. Kf2 Rh1 42. Bc3 Rh2+ 43. Kf1 g3 44. a5 Rf2+ 45. Kg1 Ra2
46. Be1 Rxa5 47. Kg2 Ra2+ 48. Kh3 a5 49. Bxg3 Bxg3 50. Kxg3 Re2 51. Kf3 Re6 52.
Kg4 Rf6 53. Kh4 Rg6 54. Kh5 Kg7 55. Kh4 a4 56. Kh3 a3 57. Kh2 a2 58. Kh3 a1=Q
59. Kh2 Qg1+ 60. Kh3 Qg3# 0-1

[Event "Challenge"]
[Site "http://www.queenalice.com/game.php?id=744317"]
[Date "2010.3.10"]
[Round "-"]
[White "Jeferson007"]
[Black "Mr_SPOCK"]
[Result "0-1"]
[WhiteElo "1551"]
[BlackElo "1556"]

1. c4 e5 2. Nc3 Nc6 3. e4 Bc5 4. Nf3 Nf6 5. Nd5 Bxf2+ 6. Kxf2 Nxe4+ 7. Ke1 O-O
8. d3 Nc5 9. Be2 Nd4 10. Nxe5 Qh4+ 11. g3 Qh3 12. Be3 Nxe2 13. Qxe2 d6 14. Nf3
Bg4 15. Kd2 Rae8 16. Kc2 Bf5 17. Nf4 Qg4 18. Rag1 Nxd3 19. Nxd3 Qg6 20. Qd2 d5
21. Nh4 Qe6 22. Kc1 dxc4 23. Nc5 Qe5 24. Rd1 b6 25. Nb7 Be4 26. Rhe1 Bxb7 27.
Bf4 Qd5 28. Qc3 Rxe1 29. Rxe1 c5 30. Be5 Qd3 31. Bd6 Qxd6 32. Nf5 Qf6 33. Re7
Qxf5 34. Rxb7 Qg5+ 35. Kc2 Qg4 36. Re7 Qg6+ 37. Kc1 Qg5+ 38. Re3 Re8 39. Kc2
Rxe3 40. Qd2 Qf5+ 41. Kc1 Qf1+ 42. Kc2 Rd3 43. Qf4 Qd1# 0-1

[Event "Challenge"]
[Site "http://www.queenalice.com/game.php?id=744318"]
[Date "2010.3.10"]
[Round "-"]
[White "Jeferson007"]
[Black "Mr_SPOCK"]
[Result "1/2-1/2"]
[WhiteElo "1470"]
[BlackElo "1547"]

1. e4 e5 2. d4 Nc6 3. d5 Na5 4. Bd2 Nc4 5. Bxc4 d6 6. c3 Ne7 7. Nf3 Bg4 8. Be2
g6 9. b4 Qd7 10. Na3 Bg7 11. Bb5 c6 12. dxc6 bxc6 13. Ba6 O-O 14. O-O d5 15. h3
Bxh3 16. gxh3 Qxh3 17. Nh2 dxe4 18. Bg5 Rad8 19. Qe2 Nf5 20. Bxd8 f6 21. Bc4+
Kh8 22. Bc7 Nh4 23. f3 Qg3+ 24. Kh1 exf3 25. Nxf3 Nxf3 26. Rxf3 Qh4+ 27. Kg2 f5
28. Rh1 Qg4+ 29. Kf2 e4 30. Rg3 Qxe2+ 31. Bxe2 Bxc3 32. Bd6 Bd4+ 33. Kg2 f4 34.
Rxg6 f3+ 35. Bxf3 exf3+ 36. Kf1 Re8 37. Rh4 f2 38. Rxd4 hxg6 39. Kxf2 g5 40. Kg3
Re3+ 41. Kg4 Rxa3 42. Be5+ Kh7 43. Kxg5 Rxa2 44. Rh4+ Kg8 45. Rh8+ Kf7 46. Rh7+
Ke6 47. Bg3 a5 48. bxa5 Rxa5+ 49. Kg6 Ra3 50. Bh2 Rc3 51. Rc7 Kd5 52. Rc8 c5 53.
Rd8+ Kc4 54. Bd6 Rd3 55. Kf6 Kb5 56. Rb8+ Kc6 57. Bf8 Rf3+ 58. Ke6 Rxf8 59. Rb2
Re8+ 60. Kf7 Re5 61. Kf6 Kd5 62. Rd2+ Ke4 63. Re2+ Kd4 64. Rxe5 c4 65. Re7 c3
66. Rd7+ Ke3 67. Rd1 c2 68. Ra1 Kd3 69. Ke5 Kd2 70. Ra2 Kd1 71. Ra1+ c1=Q 72.
Rxc1+ Kxc1 73. Ke4 Kc2 1/2-1/2

[Event "Challenge"]
[Site "http://www.queenalice.com/game.php?id=744319"]
[Date "2010.3.10"]
[Round "-"]
[White "Mr_SPOCK"]
[Black "Jeferson007"]
[Result "0-1"]
[WhiteElo "1574"]
[BlackElo "1533"]

1. e4 e6 2. e5 d6 3. Nf3 Nc6 4. d4 d5 5. Bb5 Bd7 6. Bg5 Be7 7. O-O a6 8. Ba4 b5
9. Bb3 h6 10. Bh4 Bxh4 11. Nxh4 Qxh4 12. Nd2 Nxd4 13. c3 Nf5 14. a4 Qg5 15. Nf3
Qf4 16. axb5 Bxb5 17. Ba4 Bd7 18. Qb3 Nge7 19. Qb7 Rd8 20. Qxc7 Bxa4 21. Qa5 Bc2
22. Qxa6 Be4 23. Qb5+ Kf8 24. Qb6 Re8 25. Qb3 Bxf3 26. Rfd1 Qg4 27. Kf1 Qxg2+
28. Ke1 Qg1+ 29. Kd2 Qg5+ 30. Kc2 Be4+ 31. Rd3 Rc8 32. Qb7 Nd4+ 33. Kb1 Bxd3+
34. Ka2 Bc4+ 35. Ka3 Nc2+ 36. Ka4 Nxa1 37. Kb4 Qxe5 38. Ka5 d4+ 39. Kb6 Qb5+ 40.
Ka7 Qa5+ 41. Qa6 Qxa6# 0-1

[Event "Challenge"]
[Site "http://www.queenalice.com/game.php?id=744320"]
[Date "2010.3.10"]
[Round "-"]
[White "Mr_SPOCK"]
[Black "Jeferson007"]
[Result "1-0"]
[WhiteElo "1577"]
[BlackElo "1535"]

1. e4 e6 2. e5 d6 3. Nf3 Nc6 4. d4 d5 5. Bg5 Be7 6. Bf4 h6 7. Bb5 Bd7 8. O-O a6
9. Ba4 b5 10. Bb3 Na5 11. c4 bxc4 12. Bc2 Bb5 13. Nc3 Bc6 14. Ba4 Bh4 15. b4
cxb3 16. axb3 Bd7 17. b4 Nc4 18. b5 Nb2 19. Qb3 Nd3 20. bxa6 Nxf4 21. Bb5 Bg5
22. Qa4 Bxb5 23. Qxb5+ Kf8 24. a7 Ne7 25. Qb7 Nf5 26. Rfb1 Ng6 27. Nb5 Nfh4 28.
Nxc7 Rc8 29. a8=Q Ne7 30. Qa4 g6 31. Qe8+ Qxe8 32. Nxe8 Rxe8 33. Ra8 Kg7 34.
Rxe8 Rxe8 35. Ne1 Bd2 36. g3 Nhf5 37. Nf3 Bc3 38. Qd7 Ra8 39. Qc7 Ba5 40. Qb7
Rc8 41. g4 Rc7 42. Qb5 Nxd4 43. Nxd4 Bc3 44. Nf3 Rc4 45. Qe8 Rxg4+ 46. Kf1 Nf5
47. Rb8 h5 48. Qh8# 1-0

[Event "Let's Play Chess!"]
[Site "http://www.queenalice.com/game.php?id=744470"]
[Date "2010.3.11"]
[Round "-"]
[White "Jeferson007"]
[Black "parisbestfriend"]
[Result "0-1"]
[WhiteElo "1520"]
[BlackElo "1100"]

1. e4 Nf6 2. Nc3 d5 3. e5 Ne4 4. Qf3 Nxc3 5. bxc3 g6 6. c4 Be6 7. Nh3 dxc4 8.
Qxb7 Bd5 9. Qb2 Bg7 10. d4 cxd3 11. cxd3 O-O 12. f3 f6 13. Qd4 fxe5 14. Qh4 e4
15. Ng5 h6 16. Nh3 g5 17. Bxg5 hxg5 18. Nxg5 Re8 19. Qh7+ Kf8 20. dxe4 Bg8 21.
Qf5+ Bf6 22. Be2 e6 23. Qc5+ Re7 24. f4 Bxa1 25. O-O Bd4+ 26. Qxd4 Qxd4+ 27. Kh1
Nc6 28. f5 e5 29. f6 Rd7 30. h3 Qe3 31. f7 Bxf7 32. Nh7+ Kg7 33. Bb5 Qc5 34.
Bxc6 Qxc6 35. Ng5 Rf8 36. Rf2 Rd1+ 37. Kh2 Bg6 38. Rf3 Rxf3 39. gxf3 Qf6 40. f4
Qxf4+ 41. Kg2 Qxg5+ 42. Kh2 Qe3 43. Kg2 Rd2+ 44. Kf1 Rxa2 45. h4 Qc1# 0-1

[Event "Let's Play Chess!"]
[Site "http://www.queenalice.com/game.php?id=744471"]
[Date "2010.3.11"]
[Round "-"]
[White "parisbestfriend"]
[Black "Jeferson007"]
[Result "0-1"]
[WhiteElo "1100"]
[BlackElo "1520"]

1. d4 d6 2. e4 e6 3. Be3 Bd7 4. Bd3 Be7 5. Nf3 Nc6 6. Nc3 Nf6 7. Bb5 Na5 8. Qd3
c6 9. Ba4 b5 10. Bb3 b4 11. Na4 d5 12. exd5 cxd5 13. O-O-O Ne4 14. g3 Qc7 15.
Qa6 O-O 16. Ne5 Bf6 17. Nxd7 Rfc8 18. Nxf6+ gxf6 19. f3 Nd6 20. Bd2 Nf5 21. c3
bxc3 22. Bxc3 Nc6 23. g4 Ne3 24. Rdg1 Nb4 25. Qb5 a5 26. g5 Kh8 27. gxf6 Nf5 28.
Nb6 Rab8 29. Kb1 Rxb6 30. Qxa5 Nd3 31. Bc2 Nxb2 32. Bb3 Nc4 33. Rc1 Qc6 34. Qa7
e5 35. Ba5 Rb7 36. Qc5 Qd7 37. Rxc4 dxc4 38. Qxe5 cxb3 39. a4 Qxa4 40. Bc3 Qa2+
41. Kc1 Qc2# 0-1

[Event "Challenge"]
[Site "http://www.queenalice.com/game.php?id=745290"]
[Date "2010.3.12"]
[Round "-"]
[White "Jeferson007"]
[Black "Panzer85"]
[Result "0-1"]
[WhiteElo "1524"]
[BlackElo "1626"]

1. e4 e5 2. Nc3 Nc6 3. Nf3 Nf6 4. Ng5 Bc5 5. Bc4 O-O 6. d3 d6 7. Nd5 Na5 8. O-O
Nxc4 9. dxc4 c6 10. Nxf6+ Qxf6 11. Qh5 h6 12. Nf3 Be6 13. a4 Bxc4 14. Re1 Rfb8
15. Nh4 Qxf2+ 16. Kh1 Qxe1# 0-1

[Event "Challenge"]
[Site "http://www.queenalice.com/game.php?id=745293"]
[Date "2010.3.12"]
[Round "-"]
[White "Panzer85"]
[Black "Jeferson007"]
[Result "1-0"]
[WhiteElo "1638"]
[BlackElo "1553"]

1. e4 d5 2. exd5 Qxd5 3. Nc3 Qd6 4. Bc4 e5 5. d3 Be7 6. Nf3 Nf6 7. O-O O-O 8. h3
c5 9. a3 Bd7 10. g4 Nc6 11. g5 Nh5 12. h4 g6 13. Nb5 Qb8 14. Re1 Nd4 15. Nbxd4
cxd4 16. Rxe5 Qd6 17. Qe1 Rae8 18. Qe4 b5 19. Bd5 Qc7 20. Rxe7 Rxe7 21. Qxe7 Re8
22. Qxf7+ Kh8 23. Bd2 Qc8 24. c3 dxc3 25. Bxc3+ Qxc3 26. bxc3 Rd8 27. Ne5 Bf5
28. Re1 Ng7 29. Nc6 Rc8 30. Re7 h6 31. Qxg7# 1-0

[Event "Challenge"]
[Site "http://www.queenalice.com/game.php?id=745313"]
[Date "2010.3.12"]
[Round "-"]
[White "Jeferson007"]
[Black "Admilton"]
[Result "0-1"]
[WhiteElo "1521"]
[BlackElo "1448"]

1. d4 d5 2. Nc3 h6 3. Nf3 Nf6 4. e3 c6 5. Bd3 Bg4 6. h3 Bxf3 7. Qxf3 e6 8. O-O
g5 9. Ne2 Bg7 10. Nc3 Nfd7 11. Bd2 b5 12. b3 Na6 13. a3 Nc7 14. b4 Qe7 15. Qh5
Nf6 16. Qf3 a5 17. Ne2 a4 18. Ng3 h5 19. Ne2 g4 20. Qg3 Ng8 21. Nf4 e5 22. dxe5
Qxe5 23. h4 Qd6 24. Rab1 d4 25. e4 Ne7 26. Rfe1 Ne6 27. Qh2 Qe5 28. g3 Bh6 29.
Rbc1 Nxf4 30. gxf4 Qe6 31. e5 Nd5 32. Rb1 f5 33. exf6 Ne3 34. fxe3 Kf7 35. exd4
Qxf6 36. Re4 Rae8 37. Re5 Qd8 38. Rf5+ Ke7 39. Re1+ Kd7 40. Rf7+ Kc8 41. Bf5+
Kb8 42. Rxe8 Qxe8 43. Bg6 Rg8 44. f5+ Ka8 45. Bxh6 Qe1+ 46. Kg2 Qe4+ 47. Kf1 Re8
48. Bd2 Qf3+ 49. Kg1 Qd1+ 50. Be1 Qxe1+ 51. Kg2 Re2# 0-1

[Event "Challenge"]
[Site "http://www.queenalice.com/game.php?id=745314"]
[Date "2010.3.12"]
[Round "-"]
[White "Admilton"]
[Black "Jeferson007"]
[Result "1-0"]
[WhiteElo "1467"]
[BlackElo "1502"]

1. e3 d5 2. d4 Qd6 3. Nc3 e5 4. dxe5 Qxe5 5. Qxd5 Bd6 6. Qxe5+ Bxe5 7. Nd5 Ne7
8. Nxe7 Kxe7 9. Rb1 Re8 10. b3 Bd7 11. Ba3+ Kd8 12. Nf3 Bf6 13. h3 Kc8 14. Bd3
Bc3+ 15. Ke2 Nc6 16. Bc5 Be6 17. Ng5 f6 18. Ne4 Ba5 19. Bb5 Bd5 20. Bxc6 Bxc6
21. b4 Bb6 22. Bxb6 cxb6 23. Nd6+ Kd7 24. Nxe8 Rxe8 25. Rh2 b5 26. Rd1+ Kc7 27.
h4 h5 28. f3 Re5 29. f4 Re4 30. f5 Rxb4 31. g3 Rb2 32. Ke1 Bf3 33. Ra1 Rb4 34.
Kf2 Bd5 35. a3 Rb2 36. Ke1 Be4 37. Kd1 a5 38. Rf2 b4 39. Rf4 Bg2 40. axb4 Rxb4
41. Rf2 Be4 42. Rxa5 b6 43. Ra7+ Kc6 44. Rxg7 Bd5 45. Rh7 Rb1+ 46. Kd2 Ra1 47.
Rxh5 b5 48. Rh6 Kc5 49. Rxf6 Bc6 50. Re6 b4 51. f6 Ra2 52. f7 b3 53. f8=Q+ Kc4
54. Rf4+ Kd5 55. Qf5# 1-0

[Event ":("]
[Site "http://www.queenalice.com/game.php?id=747107"]
[Date "2010.3.16"]
[Round "-"]
[White "Mr_SPOCK"]
[Black "Jeferson007"]
[Result "1-0"]
[WhiteElo "1529"]
[BlackElo "1495"]

1. e4 e5 2. Nf3 Nc6 3. Bb5 a6 4. Bc4 b5 5. Bd5 Bb7 6. Nxe5 Nxe5 7. Bxb7 Rb8 8.
Bxa6 Nf6 9. d3 Bc5 10. d4 Bb4+ 11. c3 Bxc3+ 12. Nxc3 Nc4 13. Nxb5 O-O 14. e5 Nd5
15. O-O c6 16. Nc3 Ncb6 17. Bd3 Qh4 18. Ne4 Nc8 19. Bg5 Qxe4 20. Bxe4 Nb4 21.
Qh5 g6 22. Qh6 f6 23. exf6 Rf7 24. Bxg6 hxg6 25. Qxg6+ Kf8 26. Qh6+ Ke8 27. Qh8+
Rf8 28. Rfe1+ Kd8 29. Qxf8+ Kc7 30. Bf4+ Kb7 31. Qxb4+ Ka7 32. Qxb8+ Ka6 33.
Qxc8+ Kb5 34. a4+ Kb6 35. a5+ Kb5 36. Qb7+ Kc4 37. Rac1+ Kxd4 38. Qxd7# 1-0

[Event ":)"]
[Site "http://www.queenalice.com/game.php?id=747108"]
[Date "2010.3.16"]
[Round "-"]
[White "Jeferson007"]
[Black "Mr_SPOCK"]
[Result "0-1"]
[WhiteElo "1485"]
[BlackElo "1517"]

1. e4 e5 2. Nf3 Nc6 3. Nc3 Nf6 4. Be2 Bc5 5. h3 Nd4 6. Nxe5 Nxe2 7. Qxe2 Bd4 8.
Qc4 Bxe5 9. d3 c6 10. d4 b5 11. Qc5 d6 12. Qxc6+ Bd7 13. Qa6 Bxd4 14. Nxb5 Bxf2+
15. Kxf2 Nxe4+ 16. Kg1 Qf6 17. Be3 O-O 18. Kh2 Qe5+ 19. Kg1 Ng3 20. Rh2 Qxe3#
0-1

[Event ":)"]
[Site "http://www.queenalice.com/game.php?id=747191"]
[Date "2010.3.17"]
[Round "-"]
[White "Mr_SPOCK"]
[Black "Jeferson007"]
[Result "1-0"]
[WhiteElo "1518"]
[BlackElo "1461"]

1. e4 e5 2. Nf3 Nc6 3. d4 Nf6 4. Nxe5 Nxe4 5. Qd3 Nf6 6. Nxc6 dxc6 7. Bg5 Qd5 8.
Qe3+ Be6 9. Nc3 Qf5 10. Bd3 Qg4 11. Be2 Qxg2 12. O-O-O O-O-O 13. Rdg1 Qh3 14.
Rg3 Qf5 15. Bg4 Qa5 16. Bxe6+ fxe6 17. Qxe6+ Kb8 18. Bxf6 gxf6 19. Rg8 Bh6+ 20.
Kd1 Rhxg8 21. Qxf6 Bg7 22. Qf7 Bxd4 23. Ne4 Be5+ 24. Ke2 Bxb2 25. Rd1 Qb5+ 26.
c4 Qb6 27. Rxd8+ Rxd8 28. Qe7 Rg8 29. Qf7 Rd8 30. Qe7 Rg8 31. f4 Rg2+ 32. Kf3
Rg8 33. Nf6 Bxf6 34. Qxf6 Qg1 35. Ke4 Qg2+ 36. Kd4 c5+ 37. Kxc5 1-0

[Event "Challenge"]
[Site "http://www.queenalice.com/game.php?id=748141"]
[Date "2010.3.18"]
[Round "-"]
[White "FranzMeM"]
[Black "Jeferson007"]
[Result "1-0"]
[WhiteElo "1345"]
[BlackElo "1480"]

1. e4 e5 2. Nf3 d6 3. Bc4 h6 4. d4 Nf6 5. dxe5 dxe5 6. O-O Bd6 7. h3 Nxe4 8. Qd5
Be6 9. Qxe4 Bxc4 10. Qxc4 Nc6 11. a3 Na5 12. Qb5+ Nc6 13. Nc3 O-O 14. Qxb7 Qd7
15. Qb5 Rab8 16. Qe2 Qf5 17. b4 e4 18. g4 Qe6 19. Nxe4 Ne5 20. Nxd6 cxd6 21.
Nxe5 dxe5 22. Bd2 e4 23. b5 Qe5 24. a4 Rfc8 25. c3 Qd5 26. Rab1 Rc4 27. Qe3 Rxa4
28. f3 exf3 29. b6 a6 30. Rxf3 a5 31. Qf2 f6 32. Bxh6 gxh6 33. Rxf6 h5 34. Rg6+
Kh7 35. Qf6 Qd3 36. Rh6+ Kg8 37. Rh8# 1-0

[Event ":))"]
[Site "http://www.queenalice.com/game.php?id=748317"]
[Date "2010.3.19"]
[Round "-"]
[White "Jeferson007"]
[Black "Mr_SPOCK"]
[Result "1-0"]
[WhiteElo "1459"]
[BlackElo "1544"]

1. e4 e5 2. Bc4 Nf6 3. d4 Nxe4 4. Qf3 d5 5. Bb3 exd4 6. Ne2 Bb4+ 7. Bd2 d3 8.
cxd3 Bxd2+ 9. Nxd2 O-O 10. dxe4 dxe4 11. Nxe4 b6 12. O-O Bb7 13. Bc2 Nd7 14. Qh3
Nf6 15. Nxf6+ gxf6 16. Qxh7# 1-0